| 000 | 01210cam a2200253 4500 | ||
|---|---|---|---|
| 001 | WB3730-31 | ||
| 008 | 010802n2001 000 0 eng u | ||
| 035 | _a(Sirsi) u113907 | ||
| 245 | _aCautious welcome for NFU strategy | ||
| 260 | _c2001 | ||
| 490 |
_aScotsman _v 2 August 2001, 4 |
||
| 490 |
_aNFU Press Release _v 1 August 2001, (3) |
||
| 520 | _a6+e NFU presented its survival strategy, "A strategy for UK agriculture", to food industry leaders at the Food Industry Summit. The strategy presents farming as being in a vicious circle where lower incomes lead to lack of investment and an inability to consider wider markets. It outlines 4 key opportunities: producing commodity products; adding value and developing new commodity products including non-food ones and providing environmental and other services to the public. However it does not mention the need for a longterm solution through government policy. | ||
| 590 | _aWB | ||
| 650 | _aFARMING | ||
| 650 | _aAGRICULTURE | ||
| 650 | _aFARM DIVERSIFICATION | ||
| 650 | _aRURAL ISSUES | ||
| 650 | _aFOOD PRODUCTION | ||
| 650 | _aALTERNATIVE CROPS | ||
| 650 | _aGENETICALLY MODIFIED ORGANISMS | ||
| 690 |
_aRural _96268 |
||
| 942 | _n0 | ||
| 999 |
_c67871 _d67871 |
||